000 01261nam a2200373 a 4500
999 _c10641
_d10641
001 10641
003 BD-JhCC
005 20200202134007.0
008 180801s2017 nyu b 001 0 eng
010 _a 2017017988
020 _a9781610397575 (hardcover)
020 _a9789351952053
035 _a(BD-JhCC)10641
040 _aDLC
_beng
_cDLC
_erda
_dDLC
_dBD-JhCC
042 _apcc
050 0 0 _aHD60
_b.Y863 2017
082 0 0 _a330
_223
_bYUN 2017
100 1 _aYunus, Muhammad,
_d1940-
_eauthor.
245 1 2 _aA world of three zeros :
_bthe new economics of zero poverty, zero unemployment, and zero net carbon emissions /
_cMuhammad Yunus with Karl Weber.
250 _aFirst edition.
264 1 _aNew York :
_bPublicAffairs,
_c[2017]
300 _avii, 288 pages ;
_c25 cm
336 _atext
_btxt
_2rdacontent
337 _aunmediated
_bn
_2rdamedia
338 _avolume
_bnc
_2rdacarrier
504 _aIncludes bibliographical references and index.
650 0 _aSocial responsibility of business.
650 0 _aCapitalism
_xSocial aspects.
650 0 _aEconomic development
_xSocial aspects.
650 0 _aSustainable development.
650 0 _aEquality
_xEconomic aspects.
700 1 _aWeber, Karl,
_d1953-
_eauthor.
942 _2ddc
_cBK
_02